000 00546nam a22001577a 4500
999 _c32290
_d60288
005 20201220084610.0
037 _aBC_333 65
_fbroch
040 _aBC-ENSA
_bfre
041 _afre
100 _aGALLISSOT, René
_916464
245 _aL'Algérie précoloniale
_bclasses sociales en système précapitaliste mise en question du mode de production féodal
260 _aParis
_bCentre d'Etudes et de Recherches Marxistes
_c1968
562 _e 01 exemplaire(s)
942 _c09
653 _aALGERIE/PRECOLONIALE/PRODUCTION FEODAL/SYSTEME